| 000 | 00543nam a2200169 a 4500 | ||
|---|---|---|---|
| 001 | 000009146 | ||
| 005 | 20240412074210.0 | ||
| 008 | 090928s1943 dr 000 p spa d | ||
| 040 |
_aDO-SdBNP _bspa _cBNPHU |
||
| 082 |
_aRD861.3 _bP433ca, 1943 |
||
| 100 | 1 |
_aPerdomo, Apolinar _923817 |
|
| 245 | 1 | 0 |
_aCantos de Apolo / _cApolinar Perdomo; prólogo J. Tomás Mejía. |
| 260 |
_aCiudad Trujillo, República Dominicana : _bMontalvo, _c1943. |
||
| 300 |
_a165 p. ; _c22 cm. |
||
| 650 | 0 |
_aPoesía dominicana _966 |
|
| 650 | 0 |
_aLiteratura dominicana. _967 |
|
| 999 |
_c8910 _d8910 |
||